<?xml version="1.0" encoding="UTF-8"?><?xml-stylesheet type="text/xsl" href="static/style.xsl"?><OAI-PMH xmlns="http://www.openarchives.org/OAI/2.0/" xmlns:xsi="http://www.w3.org/2001/XMLSchema-instance" xsi:schemaLocation="http://www.openarchives.org/OAI/2.0/ http://www.openarchives.org/OAI/2.0/OAI-PMH.xsd"><responseDate>2026-04-27T05:20:05Z</responseDate><request verb="GetRecord" identifier="oai:repisalud.isciii.es:20.500.12105/27231" metadataPrefix="marc">https://repisalud.isciii.es/rest/oai/request</request><GetRecord><record><header><identifier>oai:repisalud.isciii.es:20.500.12105/27231</identifier><datestamp>2026-02-27T01:15:19Z</datestamp><setSpec>com_20.500.12105_2405</setSpec><setSpec>com_20.500.12105_2403</setSpec><setSpec>col_20.500.12105_2409</setSpec></header><metadata><record xmlns="http://www.loc.gov/MARC21/slim" xmlns:dcterms="http://purl.org/dc/terms/" xmlns:doc="http://www.lyncode.com/xoai" xmlns:xsi="http://www.w3.org/2001/XMLSchema-instance" xsi:schemaLocation="http://www.loc.gov/MARC21/slim http://www.loc.gov/standards/marcxml/schema/MARC21slim.xsd">
   <leader>00925njm 22002777a 4500</leader>
   <datafield ind2=" " ind1=" " tag="042">
      <subfield code="a">dc</subfield>
   </datafield>
   <datafield ind2=" " ind1=" " tag="720">
      <subfield code="a">Aracil, Belen</subfield>
      <subfield code="e">author</subfield>
   </datafield>
   <datafield ind2=" " ind1=" " tag="720">
      <subfield code="a">Oteo-Iglesias, Jesus</subfield>
      <subfield code="e">author</subfield>
   </datafield>
   <datafield ind2=" " ind1=" " tag="720">
      <subfield code="a">Miembros de la red EARS-NET, España</subfield>
      <subfield code="e">author</subfield>
   </datafield>
   <datafield ind2=" " ind1=" " tag="260">
      <subfield code="c">2025-12</subfield>
   </datafield>
   <datafield ind2=" " ind1=" " tag="520">
      <subfield code="a">La resistencia a antibióticos es una amenaza global tanto para la salud de los pacientes como para la salud pública de la población. La vigilancia es un primer paso imprescindible para poder combatirla. En este documento se presenta el informe anual de la red oficial europea de vigilancia de la resistencia a antibióticos en patógenos invasivos EARS-Net, según los resultados de la sub-red española correspondientes a 2024. Durante 2024, 41 hospitales, distribuidos por las principales regiones españolas, han remitido datos de vigilancia a la red española de EARS-Net. Esta memoria recoge dicha información, así como las tendencias evolutivas a lo largo de los últimos años; también incluye los últimos mapas europeos comparativos de resistencias de EARS-Net. Es importante señalar que los datos de las gráficas y tablas muestran valores medios, puede existir una variabilidad importante al analizar los hospitales participantes de manera individual; esta variabilidad está justificada por diferentes factores tales como, entre otros, el número de registros remitidos (recordar que el protocolo de EARS-Net establece una vigilancia continua, que requiere la inclusión de todos los aislados de manera sistemática), la existencia de brotes locales o el número de hemocultivos realizados. Desde 2019 el protocolo también incluye la utilización de los puntos de corte EUCAST como criterios interpretativos generales únicos de la sensibilidad antibiótica.</subfield>
   </datafield>
   <datafield ind1="8" ind2=" " tag="024">
      <subfield code="a">Aracil García, Belén, Oteo Iglesias, Jesús y miembros de la red EARS-Net España. Informe de Vigilancia: Resistencia a los Antibióticos en Aislados Invasivos en España: Memoria Anual 2024 de la Red Europea EARS-Net. Majadahonda (MADRID): año 2026.</subfield>
   </datafield>
   <datafield ind1="8" ind2=" " tag="024">
      <subfield code="a">https://hdl.handle.net/20.500.12105/27231</subfield>
   </datafield>
   <datafield ind1="8" ind2=" " tag="024">
      <subfield code="a">156250012</subfield>
   </datafield>
   <datafield tag="653" ind2=" " ind1=" ">
      <subfield code="a">Resistencia a antibióticos</subfield>
   </datafield>
   <datafield tag="653" ind2=" " ind1=" ">
      <subfield code="a">investigación</subfield>
   </datafield>
   <datafield tag="653" ind2=" " ind1=" ">
      <subfield code="a">vigilancia epidemiológica</subfield>
   </datafield>
   <datafield tag="653" ind2=" " ind1=" ">
      <subfield code="a">patógenos invasivos</subfield>
   </datafield>
   <datafield tag="653" ind2=" " ind1=" ">
      <subfield code="a">España</subfield>
   </datafield>
   <datafield tag="653" ind2=" " ind1=" ">
      <subfield code="a">2024</subfield>
   </datafield>
   <datafield tag="653" ind2=" " ind1=" ">
      <subfield code="a">EARS_NET</subfield>
   </datafield>
   <datafield ind2="0" ind1="0" tag="245">
      <subfield code="a">Informe de Vigilancia: Resistencia a los Antibióticos en Aislados Invasivos en España: Memoria Anual 2024 de la Red Europea (EARS-Net)</subfield>
   </datafield>
</record></metadata></record></GetRecord></OAI-PMH>